| 000 | nam a22 7a 4500 | ||
|---|---|---|---|
| 999 |
_c235004 _d235004 |
||
| 003 | Nust | ||
| 005 | 20170404163604.0 | ||
| 008 | 170404b xxu||||| |||| 00| 0 eng d | ||
| 040 | _cDLC | ||
| 082 | _a306.05491 RAZ | ||
| 100 | _aRaza, M. Hanif | ||
| 245 | _aCultural Caravan of Pakistan / | ||
| 260 |
_a Islamabad _b Best Books, |
||
| 300 | _a199p. ; | ||
| 942 |
_2ddc _cBK |
||